Dollar diplomacy ; a study in American imperialism /

Bibliographic Details
Main Author: Nearing, Scott, 1883-1983
Other Authors: Freeman, Joseph, 1897-1965
Format: Book
Language:English
Published: New York : Monthly Review Press, [1966]
Series:Socialist classics series no. 1
Subjects:

MARC

Tag First Indicator Second Indicator Subfields
LEADER 00000cam a22000001 4500
001 in00000056706
005 20151008050353.0
008 731212s1966 nyuab b 00010 eng
010 |a  66023529  
035 |a (OCoLC)00934150 
035 |9 AAG0679AM 
040 |a DLC  |c DLC  |d TXA  |d UtOrBLW 
043 |a n-us--- 
049 |a TXAM  |c [466632] 
050 0 0 |a E713  |b .N35 1966 
082 0 |a 973.8 
092 |a 327.73  |b N354d, 1966 
100 1 |a Nearing, Scott,  |d 1883-1983. 
245 1 0 |a Dollar diplomacy ;  |b a study in American imperialism /  |c by Scott Nearing and Joseph Freeman. 
264 1 |a New York :  |b Monthly Review Press,  |c [1966] 
300 |a xv, 353 pages :  |b illustrations, maps. ;  |c 22 cm. 
336 |a text  |b txt  |2 rdacontent 
337 |a unmediated  |b n  |2 rdamedia 
338 |a volume  |b nc  |2 rdacarrier 
490 0 |a Socialist classics series no. 1 
504 |a Bibliography: pages 333-345. 
650 0 |a Imperialism. 
651 0 |a United States  |x Territorial expansion. 
651 0 |a United States  |x Economic policy. 
651 0 |a United States  |x Foreign relations. 
700 1 |a Freeman, Joseph,  |d 1897-1965. 
999 |a MARS 
999 f f |s 2cc83436-cf5b-3469-b0ba-f6b3f2c6dac7  |i 9cc89955-a708-30a1-a587-72c523149258  |t 0 
952 f f |p normal  |a Texas A&M University  |b College Station  |c Sterling C. Evans Library  |d Evans: Library Stacks  |t 0  |e E713 .N35 1966  |h Library of Congress classification  |i unmediated -- volume  |m A14800679335 
998 f f |a E713 .N35 1966  |t 0  |l Evans: Library Stacks